000 00462nam a2200193Ia 4500
005 20140403085500.0
008 140130s9999 xx 000 0 und d
020 _a0316738247
050 _aPZ 7
_b.Sp75663Man 1990
100 _aSpinelli, Jerry
_95159
245 _cJerry Spinelli.
_aManiac Magee /
260 _bScholastic,
_c1990
300 _a184 p. :
_c19 cm.
440 _v1
521 _aG6
526 _c820
942 _cBK
_2lcc
999 _c41192
_d41192